The Basics of artistic drawing. (Record no. 26664)
[ view plain ]
| 000 -LEADER | |
|---|---|
| fixed length control field | 01303cam a2200325 a 4500 |
| 001 - CONTROL NUMBER | |
| control field | 4414954 |
| 005 - DATE AND TIME OF LATEST TRANSACTION | |
| control field | 20170206092058.0 |
| 008 - FIXED-LENGTH DATA ELEMENTS--GENERAL INFORMATION | |
| fixed length control field | 930715s1994 nyua 001 0 eng |
| 010 ## - LIBRARY OF CONGRESS CONTROL NUMBER | |
| LC control number | 93020813 |
| 020 ## - INTERNATIONAL STANDARD BOOK NUMBER | |
| International Standard Book Number | 0812019296 : |
| Terms of availability | $16.95 ($21.95 Canada) |
| 050 00 - LIBRARY OF CONGRESS CALL NUMBER | |
| Classification number | NC730 .B316 1994 |
| 130 0# - MAIN ENTRY--UNIFORM TITLE | |
| Uniform title | Bases del dibujo artistico. |
| 245 04 - TITLE STATEMENT | |
| Title | The Basics of artistic drawing. |
| 260 ## - PUBLICATION, DISTRIBUTION, ETC. (IMPRINT) | |
| Place of publication, distribution, etc. | Hauppauge, N.Y. : |
| Name of publisher, distributor, etc. | Barron's, |
| Date of publication, distribution, etc. | c1994. |
| 300 ## - PHYSICAL DESCRIPTION | |
| Extent | 123 p. : |
| Other physical details | ill. (some col.) ; |
| Dimensions | 28 cm. |
| 440 #4 - SERIES STATEMENT/ADDED ENTRY--TITLE | |
| Title | The Complete course on painting and drawing |
| 500 ## - GENERAL NOTE | |
| General note | Originally published in Spanish as: Las bases del dibujo artistico. |
| 500 ## - GENERAL NOTE | |
| General note | Includes index. |
| 650 #0 - SUBJECT ADDED ENTRY--TOPICAL TERM | |
| Topical term or geographic name as entry element | Drawing |
| General subdivision | Technique. |
| 710 2# - ADDED ENTRY--CORPORATE NAME | |
| Corporate name or jurisdiction name as entry element | Barron's Educational Series, Inc. |
| 856 42 - ELECTRONIC LOCATION AND ACCESS | |
| Materials specified | Publisher description |
| Uniform Resource Identifier | <a href="http://www.loc.gov/catdir/enhancements/fy0630/93020813-d.html">http://www.loc.gov/catdir/enhancements/fy0630/93020813-d.html</a> |
| 942 ## - ADDED ENTRY ELEMENTS (KOHA) | |
| Source of classification or shelving scheme | |
| Koha item type | Hard Covered Materials |
| Withdrawn status | Lost status | Source of classification or shelving scheme | Damaged status | Not for loan | Home library | Current library | Shelving location | Date acquired | Source of acquisition | Total Checkouts | Full call number | Barcode | Date last seen | Price effective from | Koha item type |
|---|---|---|---|---|---|---|---|---|---|---|---|---|---|---|---|
| MACHAKOS UNIVERSITY LIBRARY | MACHAKOS UNIVERSITY LIBRARY | Technical section | 06/02/2017 | Donation(BFA) | NC730 .B316 1994 | 34271 | 11/07/2018 | 06/02/2017 | Hard Covered Materials |